000 01150nam0a22002891 4500
001 rc\3950348
005 20250611033957.0
021 _aRU
_b[56-15761]
035 _a(NLR Aleph) 008044093
090 _a8899961
_c8899961
100 _a20130415d1956 |||y0rusy50 ca
101 0 _arus
102 _aRU
105 _aa b |||||
200 1 _aТехнология прокатного производства
_e[Учеб. пособие для металлург. вузов]
210 _aСвердловск
_cМеталлургиздат. Свердлов. отд-ние
_d1956
215 _a444 с.
_cил.
_d23
300 _aПеред загл. авт.: проф. В.В. Швейкин, доц. В.А. Тягунов
320 _aБиблиогр.: с. 437-439 (63 назв.)
606 _aПрокатка металлов
_jУчебники и пособия
_2psbo
700 1 _aШвейкин
_bВ.В.
_gВиктор Васильевич
701 1 _aТягунов
_bВ.А.
_gВладимир Аркадьевич
801 0 _aRU
_bNLR
_gpsbo
801 1 _aRU
_bELAR
_2rusmarc
852 _aNLR
_jТ36 Г-5/1413
942 _cBOOK
980 _aNB